Osteochondrosis in domestic animals /

Saved in:
Bibliographic Details
Other Authors: Olsson, Sten Erik
Format: Book
Language:English
Published: Stockholm : Acta Radiologica, 1978-
Series:Acta radiologica ; supplementum 358.
Subjects:
LEADER 01058nam a2200253 a 4500
001 c000167936
003 CARM
005 19931119000000.0
008 791213m19789999sw a b 000 0 eng d
019 1 |a 1501916  |5 LACONCORD2021 
035 |a (OCoLC)5225828  |5 LACONCORD2021 
040 |a 0002  |b eng  |c 0002  |d ABN-SNR 
245 0 0 |a Osteochondrosis in domestic animals /  |c edited by Sten-Erik Olsson. 
260 |a Stockholm :  |b Acta Radiologica,  |c 1978- 
300 |a 2 v. :  |b ill. ;  |c 25 cm. 
440 0 |a Acta radiologica ;  |v supplementum 358. 
504 |a Includes bibliographies. 
505 1 |a 1. Pathogenesis and pathology in pigs, horses, bulls, turkeys, and broilers, with comparative aspects on osteochondritis dissecans in man. 
650 0 |a Osteochondrosis. 
650 0 |a Bones  |x Diseases. 
700 1 |a Olsson, Sten Erik. 
852 8 |b CARM  |h A2:AN32F0  |i C06089  |p 0225488  |f BK 
999 f f |i cc4e57f7-8b26-5a96-bcb0-c802bbadbcb3  |s f7d60c46-07a7-58f4-ac65-5cfcb32857e2 
952 f f |p Can circulate  |a CAVAL  |b CAVAL  |c CAVAL  |d CARM 1 Store  |e C06089  |f A2:AN32F0  |h Other scheme  |i book  |m 0225488